[Event "Oberliga Wuerttemberg 1314"]
[Site "Wuerttemberg"]
[Date "2013.10.13"]
[Round "1.3"]
[White "Aksenov, Pavel"]
[Black "Kvetny, Mark"]
[Result "0-1"]
[WhiteElo "2040"]
[BlackElo "2251"]
[PlyCount "66"]
[EventDate "2013.10.13"]
[EventType "team-tourn"]
[EventRounds "9"]
[EventCountry "GER"]
[SourceTitle "EXT 2019"]
[Source "ChessBase"]
[SourceDate "2018.10.10"]
[SourceVersion "1"]
[SourceVersionDate "2018.10.10"]
[SourceQuality "1"]
[WhiteTeam "Stuttgart SF II"]
[BlackTeam "Stuttgart SF"]
[WhiteTeamCountry "GER"]
[BlackTeamCountry "GER"]

1. b3 c5 2. Bb2 Nc6 3. f4 Nf6 4. Nf3 Qc7 5. e3 g6 6. Bb5 Bg7 7. 0-0 0-0 8. Bxc6 Qxc6 9. Qe2 b6 10. c4 Bb7 11. d3 d5 12. Ne5 Qd6 13. Na3 a6 14. Rad1 Rad8 15. cxd5 Nxd5 16. Nac4 Qc7 17. e4 Nb4 18. a3 Nc6 19. Nxc6 Bxc6 20. Bxg7 Kxg7 21. Qe3 Rd4 22. Ne5 Rfd8 23. Nf3 R4d6 24. e5 Rd5 25. f5 f6 26. fxg6 hxg6 27. d4 Qd7 28. Qf4 cxd4 29. Kh1 d3 30. exf6+ exf6 31. Nh4 Qd6 32. Qg4 Rg5 33. Nf5+ gxf5 0-1

[Event "Stuttgart-chA int"]
[Site "Ditzingen"]
[Date "2010.05.14"]
[Round "3"]
[White "Aksenov, Pavel"]
[Black "Kvetny, Mark"]
[Result "1-0"]
[WhiteElo "2105"]
[BlackElo "1916"]
[PlyCount "47"]
[EventDate "2010.05.13"]
[EventType "swiss"]
[EventRounds "7"]
[EventCountry "GER"]
[SourceTitle "EXT 2018"]
[Source "ChessBase"]
[SourceDate "2017.10.13"]
[SourceVersion "1"]
[SourceVersionDate "2017.10.13"]
[SourceQuality "1"]

1. d4 e6 2. c4 b6 3. Nc3 Bb7 4. a3 f5 5. Bf4 Nf6 6. e3 g6 7. Nf3 Bg7 8. Be2 0-0 9. Qb3 Kh8 10. h4 d6 11. Ng5 Qe7 12. h5 e5 13. dxe5 dxe5 14. hxg6 c5 15. Nxh7 Bxg2 16. Rh2 Nxh7 17. Rxh7+ Kg8 18. Bh6 Rf7 19. 0-0-0 Nc6 20. Rg1 Na5 21. Qc2 Qh4 22. Bxg7 Qxf2 23. gxf7+ Kxh7 24. Rxg2 1-0

[Event "Stuttgart-chA int"]
[Site "Ditzingen"]
[Date "2010.05.14"]
[Round "4"]
[White "Stets, Dmitry"]
[Black "Aksenov, Pavel"]
[Result "1-0"]
[WhiteElo "2450"]
[BlackElo "2105"]
[PlyCount "63"]
[EventDate "2010.05.13"]
[EventType "swiss"]
[EventRounds "7"]
[EventCountry "GER"]
[SourceTitle "EXT 2018"]
[Source "ChessBase"]
[SourceDate "2017.10.13"]
[SourceVersion "1"]
[SourceVersionDate "2017.10.13"]
[SourceQuality "1"]

1. e4 e6 2. d3 d5 3. Nd2 g6 4. Ngf3 Bg7 5. g3 Ne7 6. Bg2 c5 7. 0-0 0-0 8. Re1 Nbc6 9. h4 b6 10. e5 Bb7 11. Nf1 h6 12. Bf4 Kh7 13. N3h2 d4 14. Ng4 Ng8 15. Qe2 Qe7 16. Nd2 Nb4 17. Ne4 Nd5 18. Bd2 Rab8 19. Bf3 f5 20. exf6 Ndxf6 21. Bf4 Nxe4 22. Bxe4 Bxe4 23. Qxe4 Rbe8 24. h5 Rf5 25. hxg6+ Kxg6 26. Ne5+ Bxe5 27. g4 Bxf4 28. gxf5+ Kg5 29. Kh1 exf5 30. Qg2+ Kf6 31. Rxe7 Nxe7 32. Re1 1-0

[Event "Neckar op-A 14th"]
[Site "Deizisau"]
[Date "2010.04.01"]
[Round "1"]
[White "Aksenov, Pavel"]
[Black "Dziuba, Marcin"]
[Result "0-1"]
[WhiteElo "2114"]
[BlackElo "2586"]
[PlyCount "66"]
[EventDate "2010.04.01"]
[EventType "swiss"]
[EventRounds "9"]
[EventCountry "GER"]
[SourceTitle "CBM 135 Extra"]
[Source "ChessBase"]
[SourceDate "2010.05.04"]
[SourceVersion "1"]
[SourceVersionDate "2010.05.04"]
[SourceQuality "1"]

1. d4 Nf6 2. c4 g6 3. Nc3 Bg7 4. e4 d6 5. f4 0-0 6. Nf3 Na6 7. Bd3 e5 8. fxe5 dxe5 9. d5 Qe7 10. Qe2 h6 11. 0-0 Nc5 12. Bc2 a5 13. Kh1 c6 14. Be3 cxd5 15. cxd5 b6 16. Rfe1 Ne8 17. Rad1 Nd6 18. Qf2 Ba6 19. Bxc5 bxc5 20. Qxc5 Rfc8 21. Qf2 Rab8 22. Bb3 h5 23. Na4 Bh6 24. Nc5 Bb5 25. Nd3 Bxd3 26. Rxd3 Rb4 27. Rc3 Rcb8 28. Rc6 a4 29. Bc2 Rxb2 30. Qc5 Bf8 31. Bxa4 Rxa2 32. Rc7 Qf6 33. Qa7 Rbb2 0-1

[Event "Stuttgart-chA int"]
[Site "Ditzingen"]
[Date "2006.05.25"]
[Round "1"]
[White "Aksenov, Pavel"]
[Black "Fahnenschmidt, Gerhard"]
[Result "1/2-1/2"]
[WhiteElo "1923"]
[BlackElo "2171"]
[PlyCount "113"]
[EventDate "2006.05.25"]
[EventType "swiss"]
[EventRounds "7"]
[EventCountry "GER"]
[SourceTitle "EXT 2018"]
[Source "ChessBase"]
[SourceDate "2017.10.13"]
[SourceVersion "1"]
[SourceVersionDate "2017.10.13"]
[SourceQuality "1"]

1. d4 Nf6 2. c4 c5 3. d5 b5 4. cxb5 a6 5. e3 d6 6. Nc3 g6 7. Nf3 Bg7 8. bxa6 0-0 9. Be2 Nxa6 10. e4 e6 11. 0-0 exd5 12. exd5 Nb4 13. Bg5 h6 14. Bxf6 Qxf6 15. a3 Na6 16. Nd2 Nc7 17. Nc4 Qd8 18. Qd2 Ba6 19. Rfe1 Rb8 20. Na5 Qh4 21. Nc6 Rb6 22. g3 Qh3 23. Bxa6 Nxa6 24. Rab1 c4 25. Qf4 Rxb2 26. Rxb2 Bxc3 27. Qxc4 Bxb2 28. Qxa6 Bf6 29. Ne7+ Bxe7 30. Rxe7 Rb8 31. Re1 Qd7 32. Kg2 Kg7 33. a4 Rb4 34. a5 Ra4 35. Rc1 h5 36. Qc6 Qg4 37. Qc3+ Kh7 38. f3 Qf5 39. Rd1 h4 40. Rd2 h3+ 41. Kf2 Qb1 42. Qf6 Kg8 43. Re2 Ra2 44. Qc3 Rxe2+ 45. Kxe2 Qb5+ 46. Ke3 Qxd5 47. a6 Qe6+ 48. Kd3 Qd5+ 49. Ke3 Qg5+ 50. f4 Qe7+ 51. Kf3 d5 52. Qc8+ Kg7 53. Kg4 d4 54. Kxh3 Qe2 55. a7 Qh5+ 56. Kg2 Qe2+ 57. Kh3 1/2-1/2